Statistieken voor Marokko Trivia Quiz

Klik hier om de quiz te nemen!

Algemene statistieken

  • Deze quiz is 573 keer genomen
  • De gemiddelde score is 10 van 18

Antwoordstatistieken

HintAntwoord% Correct
HoofdstadRabat
93%
Offiiciële talenArabisch
90%
Afrikaanse landen die aan Marokko grenzenAlgerije
87%
Afrikaanse landen die aan Marokko grenzenMauritanië
78%
Meest bevolkte stadCasablanca
75%
Taal die ongeveer 35% van de
Marokkanen kan spreken
Frans
75%
Grootste bergketens
(een van de twee)
Atlas / Rif
63%
Straat tussen Marokko en SpanjeStraat van
{Gibraltar)
59%
Dichtbij liggende Spaanse eilandengroepCanarische eilanden
58%
Regio, opgeëist door Marokko, dat
sommige mensen als land zien
Westelijke Sahara
56%
Officiële talenBerbers
55%
Marokko's nationaal eten:
grofgemalen durumtarwe
Couscous
51%
Stad die de naamgever is van een
rood hoofddeksel
Fez
51%
Noem één van de Spaanse exclaves
die aan Marokko grenzen
Ceuta / Melilla
44%
Regio in Noord-Afrika waar Marokko
deel van is (hint: begint met M)
Maghreb
36%
Nationaal dier, nu uitgestorvenBerber{leeuw}
26%
Meest noordelijke stad in MarokkoTangier
23%
K woord dat naar een kasteel verwijstKasbah
15%

Scoreverdeling

Percentiel versus Aantal Correcte Antwoorden

Procent van Mensen met Elke Score

Uw Scoregeschiedenis

U heeft deze quiz nog niet genomen